| 000 | 00711nam a22002177a 4500 | ||
|---|---|---|---|
| 005 | 20251108174734.0 | ||
| 008 | 250721s2009 xx 000 0 ara d | ||
| 082 | 1 | 4 | _a368.068/بكر |
| 100 | 1 | _aأبو بكر، عيد أحمد | |
| 245 | 1 | 0 | _aإدارة الخطر و التأمين / |
| 246 | 1 | 1 | _aRISK MANAGMENT & INSURANCE |
| 264 | 1 |
_aعمان : _bدار اليازوري العلمية للنشر و التوزيع، _c2009. |
|
| 300 | _a386ص. | ||
| 650 | 1 | 7 | _aالتامين |
| 650 | 1 | 7 | _aاداره المخاطر |
| 650 | 1 | 7 | _aتامين الممتلكات |
| 650 | 1 | 7 | _aشركات التامين |
| 700 | 1 | _aالسيفو، وليد اسماعيل | |
| 942 |
_2ddc _cBK |
||
| 999 |
_c116799 _d116799 |
||